000 01025pam a2200301 a 4500
001 579505
003 Ke-BoTe
005 20251119020003.0
008 900508s1990 moua b 001 0 eng c
010 _a 90006228
020 _a0801650879
040 _aDNLM/DLC
_cDLC
_dDLC
050 0 0 _aRC735.5
_b.W54 1990
060 _aWY 163 W753r
082 0 0 _a616.2
_220
100 1 _aWilson, Susan Fickertt.
_94842
245 1 0 _aRespiratory disorders /
_cSusan F. Wilson, June M. Thompson.
260 _aSaint Louis :
_bMosby-Year Book,
_cc1990.
300 _aix, 310 p. :
_bill. (some col.) ;
_c28 cm.
440 0 _aMosby's clinical nursing series
_94685
504 _aIncludes bibliographical references (p. [302]-[304]) and index.
650 0 _aRespiratory organs
_xDiseases
_xNursing.
_94811
650 2 _aRespiratory Tract Diseases
_xnursing.
_94812
700 1 _aThompson, June M.,
_d1946-
_94706
906 _a7
_bcbc
_corignew
_d1
_eocip
_f19
_gy-gencatlg
942 _2lcc
_cBK
_n0
_07
999 _c2430
_d2430